| 000 | 01135nam0a22003611 4500 | ||
|---|---|---|---|
| 001 | RU\NLR\A1SV\90788 | ||
| 005 | 20251119121732.0 | ||
| 035 | _a(NLR Aleph) 009772143 | ||
| 090 |
_a10060197 _c10060197 |
||
| 100 | _a20081127d1918 u y0rusy50 ca | ||
| 101 | 0 | _arus | |
| 102 | _aRU | ||
| 200 | 1 |
_aПамяти чикагских мучеников _eС прил. ст. из Rèvolle _fК.Илиашвили (К.Орегиани) [!] |
|
| 210 |
_aСаратов _cСвобод. ассоц. анарх. групп _d1918 |
||
| 215 |
_a35 с. _d18 см |
||
| 225 |
_aБ-ка "Голос анархии" _v№ 3 |
||
| 300 | _aСер. указана на обл. | ||
| 620 | _dСаратов | ||
| 700 | 1 |
_6z01790 _6z02790 _aОргеиани _bК. _f1878-1924 |
|
| 790 | 1 |
_6z01700 _aОрегиани _bК. |
|
| 790 | 1 |
_6z02700 _aИлиашвили _bК. |
|
| 801 | 0 |
_aRU _bNLR _c20081127 |
|
| 852 |
_aNLR _j65-4/522 |
||
| 852 |
_aNLR _j65-4/522а |
||
| 899 | _aГАРФ | ||
| 899 | _aЗНБ СГУ | ||
| 899 | _aГПИБ | ||
| 899 | _aСамОУНБ | ||
| 899 | _aРГБ | ||
| 942 | _cBOOK | ||
| 980 | _aA1SV | ||
| 980 | _aNB | ||